000 01952nam a2200373 i 4500
003 DO-SdBNP
005 20260321073646.0
006 a||||gr|||| 00| 0
007 ta
008 240704t2023 dr ac||| |||| 00| e spa d
020 _a9789945250633 (volumen 1)
020 _a9789945250640 (volumen 2)
040 _aDO-SdBNP
_bspa
_cBNPHU
_erda
082 4 _a972.03053
_bT866b
_222
245 0 0 _aTrujillo, Bosch y Balaguer :
_bcorrespondencias y documentos /
_cpresentación, compilación y notas de Cándido Gerón.
264 4 _aSanto Domingo :
_bArchivo General de la Nación,
_c©2023
300 _a458 páginas :
_bilustraciones, retratos ;
_c23 cm.
336 _2rdacontent
_atexto
_btxt
337 _2rdamedia
_asin mediación
_bn
338 _2rdacarrier
_avolumen
_bnc
490 0 _aArchivo General de la Nación ;
_v478, 479
500 _aIncluye datos biográficos del compilador en las solapas de la cubierta
500 _aIncluye índice onomástico.
505 0 _aVolumen 1
_tPresentación /
_rCándido Gerón --
_tCorrespondencias y documentos /
_rRafael Leónidas Trujillo Molina --
_tCorrespondencias y documentos /
_rJuan Bosch --
_tVolumen 2 .
_tCorrespondencias y documentos /
_rJoaquín Balaguer.
_tÍndice Onomástico.
505 0 _aVolumen 2
_tJuan Bosch:
_gCorrespondencias y Documentos.--
_tJoaquín Balaguer:
_gCorrespondencias y Documentos.--
_tAnexos.--
_tÍndice Onomástico.
590 _aInventariado 2024 / MF
600 1 4 _aTrujillo Molina, Rafael Leónidas,
_d 1891-1961
_tCorrespondencias y documentos
_976764
600 1 0 _a Bosch, Juan,
_d1909-2001
_tCorrespondencias y documentos
_976555
600 1 0 _a Balaguer, Joaquín,
_d1906-2002
_tCorrespondencias y documentos
_976556
651 0 _aRepública Dominicana
_xHistoria
_yEra de Trujillo, 1930-1961
_vCorrespondencis, memorias, etc
_978796
700 1 _aGerón, Candido,
_d1948-
_eCompilación y notas.
_93577
910 _aValidado. Control de calidad MFF
942 _2ddc
_cLBS1
999 _c57158
_d57158